| 000 | 00000nam##2200000za#4500 |
| 001 | 9.575816 |
| 003 | CaOODSP |
| 005 | 20210624184837 |
| 007 | cr ||||||||||| |
| 008 | 150406|2007||||xxc|||||o f|0| 0 eng|d |
| 040 | |aCaOODSP|beng |
| 043 | |an-cn--- |
| 086 | 1 |aTU3-6/07-40E-PDF |
| 110 | 2 |aTransportation Safety Board of Canada. |
| 245 | 10|aMain-track collision between Canadian Pacific Railway Freight Train 375-237 and Canadian Pacific Railway Freight Train 862-012 Mile 42.55, Taber Subdivision Bow Island, Alberta, 22 April 2007 |h[electronic resource] |
| 260 | |aOttawa - Ontario : |bTransportation Safety Board of Canada |c[2007]. |
| 300 | |a16p.|bfigs., references |
| 490 | 1 |aRailway investigation report |vR07C0040 |
| 590 | |a13-08-Supp|b2013-04-02 |
| 775 | 08|tCollision sur la voie principale entre le train de marchandises 375-237 du Chemin de fer Canadien Pacifique et le train de marchandises 862-012 du Chemin de fer Canadien Pacifique au point miliaire 42,55 de la subdivision Taber à Bow Island en Alberta, le 22 avril 2007 |w(CaOODSP)9.605230 |
| 830 | #0|aRailway investigation report ;|vR07C0040|w(CaOODSP)9.504849 |
| 856 | 40|ahttp://publications.gc.ca|qPDF|s517 KB|uhttps://publications.gc.ca/collections/collection_2013/bst-tsb/TU3-6-07-40-eng.pdf|yR07C0040 |